00365nam a22001097a 4500008004100000082002300041100002600064245008200090260004500172300002100217650001700238210811b ||||| |||| 00| 0 eng d aPOL.SCI CAP NO.153 aRinzin, Jurmey Choden aChallenges faced by transgender Bhutanese in Health, education and employment aThimphu :bRoyal Thimphu College,c2021. av, 57 p.c30 cm. astudent work